| 000 | 00744nam a2200217 4500 | ||
|---|---|---|---|
| 001 | 109269 | ||
| 003 | ES-MaACL | ||
| 005 | 20250824063040.0 | ||
| 007 | t| | ||
| 008 | 061121s1970 sp r ||||1| spa d | ||
| 100 | 1 |
_aOtero, Oliveros F. _987897 |
|
| 245 | 1 | 0 |
_aDirección y organización de centros educativos / _cOtero Oliveros F. y David Isaacs. |
| 260 |
_aPamplona : _bUniversidad de Navarra, _c1970. |
||
| 300 |
_a139 p. : _bil ; _c19 cm. |
||
| 490 | 1 |
_aCiencias de la educación (Universidad de Navarra) ; _v4 _9241996 |
|
| 700 | 1 |
_aIsaacs, David. _965514 |
|
| 830 | 0 |
_aCiencias de la educación (Universidad de Navarra) ; _v4 _9241996 |
|
| 852 |
_aES-MaACL _jC-51135 _bR.76171 |
||
| 942 | _2udc | ||
| 999 |
_c109269 _d109269 |
||